000
00214 a2200097 4500
001
42290
100
_a
Torry E N
245
_a
Round my Library Fire
260
_a
_b
Thomas Nelson & Sons
_c
090
_c
26253
_d
26253
942
_a
NUST-CAE
_c
M
_c
18062
999
_c
277363
_d
277363